000 00500nam a2200193Ia 4500
005 20250131015001.0
008 240331s9999 xx 000 0 und d
020 _a978955904446X
082 _a954.93
_bSOC
100 _aLiyanagamage,A
245 0 _aSociety, state and religion :
_bin premodern Sri lanka
260 _aColombo
_bSocial Scientists Association
_c2001
300 _aXlvii, 327 p .,
650 _aSociety
650 _aReligion
650 _aHistory
650 _aState
942 _cL
999 _c4428
_d4428